Advanced human behavior organization with ethics (Record no. 367370)
[ view plain ]
| 000 -LEADER | |
|---|---|
| fixed length control field | 00819nam a22002297a 4500 |
| 003 - CONTROL NUMBER IDENTIFIER | |
| control field | 0 |
| 005 - DATE AND TIME OF LATEST TRANSACTION | |
| control field | 20250407112927.0 |
| 008 - FIXED-LENGTH DATA ELEMENTS--GENERAL INFORMATION | |
| fixed length control field | 250404b xxu||||| |||| 00| 0 eng d |
| 020 ## - INTERNATIONAL STANDARD BOOK NUMBER | |
| International Standard Book Number | 978-621-427-192-4 |
| 050 ## - LIBRARY OF CONGRESS CALL NUMBER | |
| Classification number | HD 58.7 |
| Item number | .Ab23 2024 |
| 100 ## - MAIN ENTRY--PERSONAL NAME | |
| Personal name | Abante, Marmelo V. |
| 245 ## - TITLE STATEMENT | |
| Title | Advanced human behavior organization with ethics |
| Statement of responsibility, etc | Marmelo V. Abante and two others |
| 260 ## - PUBLICATION, DISTRIBUTION, ETC. (IMPRINT) | |
| Place of publication, distribution, etc | Intramuros, Manila |
| Name of publisher, distributor, etc | Unlimited Books Library Services & Publishing, Inc. |
| Date of publication, distribution, etc | 2024 |
| 300 ## - PHYSICAL DESCRIPTION | |
| Extent | vi, 246 pages; |
| Dimensions | 25cm. |
| 504 ## - BIBLIOGRAPHY, ETC. NOTE | |
| Bibliography, etc | Includes bibliographical references. |
| 650 ## - SUBJECT ADDED ENTRY--TOPICAL TERM | |
| Topical term or geographic name as entry element | Organizational behavior -- Business ethics. |
| 650 ## - SUBJECT ADDED ENTRY--TOPICAL TERM | |
| Topical term or geographic name as entry element | Workplace ethics -- Organizational culture. |
| 650 ## - SUBJECT ADDED ENTRY--TOPICAL TERM | |
| Topical term or geographic name as entry element | Management -- Moral and ethical aspects. |
| 700 ## - ADDED ENTRY--PERSONAL NAME | |
| Personal name | Simbre, Roland M. |
| 700 ## - ADDED ENTRY--PERSONAL NAME | |
| Personal name | Pancho, Ronald L. |
| 942 ## - ADDED ENTRY ELEMENTS (KOHA) | |
| Source of classification or shelving scheme | Library of Congress Classification |
| Koha item type | Books |
| Withdrawn status | Lost status | Source of classification or shelving scheme | Damaged status | Home library | Current library | Shelving location | Date acquired | Source of acquisition | Total Checkouts | Full call number | Barcode | Date last seen | Price effective from | Koha item type | Sub Shelving location |
|---|---|---|---|---|---|---|---|---|---|---|---|---|---|---|---|
| Library of Congress Classification | College Library | College Library | Graduate Section | 04/04/2025 | Library Fund | HD 58.7 .Ab23 2024 | C24341 | 04/04/2025 | 04/04/2025 | Books | |||||
| Library of Congress Classification | College Library | College Library | Graduate Section | 04/04/2025 | Library Fund | HD 58.7 .Ab23 2024 | C24340 | 04/04/2025 | 04/04/2025 | Books | |||||
| Library of Congress Classification | College Library | College Library | Graduate Section | 04/26/2025 | Library Fund | HD 58.7 .Ab23 2024 | C24419 | 04/26/2025 | 04/26/2025 | Books |